| 000 | 02245nam0a2200361 i 4500 | ||
|---|---|---|---|
| 001 | RU\NLR\BIBL_A\011462703 | ||
| 005 | 20240921152637.0 | ||
| 021 |
_aRU _b2017-56454 _94016 |
||
| 035 | _a(RuMoRGB)008950381 | ||
| 035 | _a(NLR Aleph) 011462703 | ||
| 090 |
_a11810884 _c11810884 |
||
| 100 | _a20170825d2016 u y0rusy50 ca | ||
| 101 | 0 |
_arus _ager |
|
| 102 | _aRU | ||
| 105 | _aa|||j|||000zy | ||
| 200 | 1 |
_aОбучение чтению профессионально ориентированных текстов _eучебное пособие _e[для студентов 2-го курса заочного отделения по направлениям подготовки 40.03.01 "Юриспруденция", 38.03.01 "Экономика", 38.03.02 "Менеджмент" и др.] _fЛ.Н. Селиверстова _gМинистерство образования и науки РФ, ЧОУ ВО "Таганрогский институт управления и экономика", Кафедра гуманитарных дисциплин |
|
| 210 |
_aТаганрог _cИзд-во ЧОУ ВО "Таганрогский институт управления и экономики" _d2016 |
||
| 215 |
_a95 с. _cил. _d21 |
||
| 300 | _aЧасть текста на нем. яз. | ||
| 320 | _aБиблиогр.: с. 93 (6 назв.) | ||
| 606 | 1 |
_aНемецкий язык _xУчебные издания для юристов _92396222 _3RU\NLR\AUTH\661428665 |
|
| 606 | 1 |
_aНемецкий язык _xУчебные издания для менеджеров _92400110 _3RU\NLR\AUTH\661430729 |
|
| 606 | 1 |
_aНемецкий язык _xУчебные издания для экономистов _92396216 _3RU\NLR\AUTH\661428661 |
|
| 606 | 1 |
_aНемецкий язык _xУчебные издания для государственных служащих _92432174 _3RU\NLR\AUTH\661447573 |
|
| 686 |
_aШ143.24-944:Х _2rubbk |
||
| 686 | 1 | _aШ143.24-93рус329.4 | |
| 686 | 1 | _aШ143.24-93рус329.3 | |
| 686 | 1 | _aШ143.24-93рус329.2 | |
| 700 | 1 |
_aСеливерстова _bЛ. Н. _gЛюдмила Николаевна |
|
| 942 | _cBOOK | ||
| 980 | _aNBR | ||